| 000 | 00433nam a2200121Ia 4500 | ||
|---|---|---|---|
| 008 | 160712s9999 xx 000 0 und d | ||
| 100 | _aTadem, Eduardo C. | ||
| 245 |
_cEduardo C. Tadem _aDevelopment and Distress in Mindanao: A Political Economy Overview |
||
| 260 |
_c2012 _bAsian Studies |
||
| 300 | _avol. 48 no. 1-2 | ||
| 650 | _xASIAN STUDIES | ||
| 856 | _uhttp://www.asj.upd.edu.ph/index.php/archive/169-asian-studies-48-1-2-2012 | ||
| 999 |
_c297403 _d297403 |
||